Movies Quiz

Random Movies or Letter Quiz

Actors & Actresses by Movie: 'P' Quiz Stats

 Plays Quiz Updated Nov 26, 2017

Challenge
Share
Tweet
Score 0/20 Timer 05:00
11 Plays Today
% Correct
Sarah Jessica Parker - Sex and the City
96%
Brad Pitt - Fight Club
94.4%
Joe Pesci - Home Alone
94.3%
Ellen Page - Juno
94.2%
Natalie Portman - Black Swan
93.6%
Chris Pratt - Jurassic World
91.1%
Al Pacino - The Godfather: Part II
91%
Simon Pegg - Hot Fuzz
89.9%
Joaquin Phoenix - Gladiator
89.7%
Michelle Pfeiffer - Batman Returns
89%
% Correct
Gwyneth Paltrow - Iron Man
88.7%
Sean Penn - Mystic River
84.1%
Jada Pinkett Smith - Collateral
80.6%
Michael Palin - Life of Brian
80.4%
William Powell - The Great Ziegfeld
79.8%
Richard Pryor - Silver Streak
77.3%
Gregory Peck - To Kill a Mockingbird
76.1%
Christopher Plummer - The Sound of Music
75.3%
Tyrone Power - Witness for the Prosecution
73%
Sidney Poitier - To Sir, with Love
72.3%

You're not logged in!

Compare scores with friends on all Sporcle quizzes.
OR
Log In

You Might Also Like...

Show Comments

Extras

Top Quizzes Today


Score Distribution

Your Account Isn't Verified!

In order to create a playlist on Sporcle, you need to verify the email address you used during registration. Go to your Sporcle Settings to finish the process.

Report this User

Report this user for behavior that violates our Community Guidelines.

Details: